000 00874nam a22003017a 4500
003 CHAP
005 20220817043453.0
008 980910n it r 00010 spa d
010 _a76160
011 _a77132
035 _a86734
040 _cCHAP
090 _aD-111
110 2 _aFAO
245 1 0 _aViveros de alcachofas (Diapositiva)
_c/por FAO
260 _aRoma :
_bFAO,
_c(s.a.)
300 _a55 diapositivas :
_bcol. ; 2x2 plg. ; guión
590 _aBATCH-UPD
_b10
_c20130110
_lUCH01
_h0247
590 _aBATCH-UPD
_b10
_c20130110
_lUCH01
_h2244
590 _aBATCH-UPD
_b10
_c20130410
_lUCH01
_h1538
590 _aBATCH-UPD
_b10
_c20130913
_lUCH01
_h2348
590 _aCONVERSION
_b10
_c20130109
_lUCH01
_h1342
650 1 4 _aAlcachofas.
_93531
650 1 4 _aViveros hortícolas.
_9120103
901 _aBK
942 _cD
949 _aD-111
_bBC
_cD
_d867341
_eD
_i86734
_sb
999 _c76160
_d76160